000 00880nam a2200289Ia 4500
001 Para_1899
003 CHAP
005 20240906130319.0
008 220125s1946 xx 000 0 und d
010 _a200379
040 _cCHAP
082 _aPA 633.11 C48
100 _aChester, K. Starr
_9165249
245 _aThe nature and prevention of the cereal rusts as examplified in the leaf rust of wheat /
_c by K. Starr Chester
260 _aWaltham, Mass. :
_b Cbroica Botanica Company
300 _a369 p.
650 _a2 Puccinia triticina
_9165250
650 _aRoya de los cereales
_9100379
650 _aRoya del trigo
_9100390
650 _aTrigo
_x enfermedades
_9115017
901 _aPA 633.11 C48
902 _aA
905 _a0000001946 i 0000000000 00
910 _a1946
942 _cPARA
_2ddc
942 _cPARA
_2ddc
999 _c200379
_d200379